000 00540nam a2200181Ia 4500
003 LK-CoDNM
008 010623t2006 xxu||||| |||| 00| 1 sin d
040 _aLK-CoDNM
_dLK-CoDNM
_eLK-CoDNM
041 _asin
080 _a398
_bHEM
100 _aHemaloka, Urapola
_rev
245 _aග්‍රීමි සොහොයුරන්ගේ සුරංගනා කථා 02
246 _aGrim sohourangee suranganaa kathaa 02
260 _bM.D.Gunasena
_aColombo
_c2006
300 _b252, 18.5 cm
650 _aFairy Tales
942 _cBK
999 _c125685
_d125685